Wear A Mouse / (Record no. 212167)

000 -LEADER
fixed length control field 00727 a2200193 4500
003 - CONTROL NUMBER IDENTIFIER
control field NUST
005 - DATE AND TIME OF LATEST TRANSACTION
control field 20251217124954.0
040 ## - CATALOGING SOURCE
Transcribing agency Nust
082 ## - DEWEY DECIMAL CLASSIFICATION NUMBER
Classification number 621.382,SID
100 ## - MAIN ENTRY--PERSONAL NAME
Personal name Siddiqui, Abid, Asra (TE-47)
9 (RLIN) 132378
245 ## - TITLE STATEMENT
Title Wear A Mouse /
Statement of responsibility, etc. Asra Abid Siddiqui, Noor ul Ain Ali, Memoona Tahira and Maham Liaqat
260 ## - PUBLICATION, DISTRIBUTION, ETC.
Place of publication, distribution, etc. Rawalpindi
Name of publisher, distributor, etc. MCS (NUST)
Date of publication, distribution, etc. June-2014
300 ## - PHYSICAL DESCRIPTION
Extent xii,67 p.;
505 ## - FORMATTED CONTENTS NOTE
Formatted contents note Introduction (Page-1), Literature Review (Page-5), Design and Development (Page-11), Analysis and Evaluation (Page-25), Future Work (Page-33), Conclusion (Page-36).
650 ## - SUBJECT ADDED ENTRY--TOPICAL TERM
Topical term or geographic name entry element UG Project
9 (RLIN) 131132
651 ## - SUBJECT ADDED ENTRY--GEOGRAPHIC NAME
Geographic name UG EE Project
9 (RLIN) 131571
700 ## - ADDED ENTRY--PERSONAL NAME
Personal name Supervised by Lt Col Dr. Adnan Ahmed Khan
9 (RLIN) 132379
942 ## - ADDED ENTRY ELEMENTS (KOHA)
Koha item type Project Report
Source of classification or shelving scheme
Holdings
Withdrawn status Lost status Source of classification or shelving scheme Damaged status Not for loan Permanent Location Current Location Shelving location Date acquired Full call number Barcode Date last seen Price effective from Koha item type Public note
          Military College of Signals (MCS) Military College of Signals (MCS) Reference 12/12/2016 621.382,SID MCSPTC-217 12/08/2016 12/12/2016 Project Report Almirah No. 94, Shelf No. 4
© 2023 Central Library, National University of Sciences and Technology. All Rights Reserved.